| 000 | 01712nam a22002777a 4500 | ||
|---|---|---|---|
| 005 | 20220111111250.0 | ||
| 008 | 220111b ||||| |||| 00| 0 eng d | ||
| 020 | _a9788195131723 | ||
| 040 | _cAL | ||
| 041 | _aeng | ||
| 082 |
_223 _a628.44 _bHIRE |
||
| 100 |
_aSavita Hiremath _912901 |
||
| 245 | _aEndlessly Green: Solid Waste Management for Everyone | ||
| 260 |
_aLondon _bSimon & Schuster _c2021 |
||
| 300 |
_axviii,290 p. _bPB _c21x13 cm. |
||
| 365 |
_2General _a4529 _b351.00 _c₹ _d450.00 _e22% _f22-12-2021 |
||
| 520 | _aEndlessly Green looks at the history, the science and the art of composting and sustainable waste management through a kaleidoscope of philosophical, moral and ethical intricacies. The author digs into her rich pool of experiential learnings and raw inputs gathered through a decade of research, legwork and fearless execution. This engaging field guide equips community volunteers, activists, students, SWM practitioners and professionals with practical inputs on segregation, composting and organic gardening/farming, making sustainability imaginable in a concrete jungle. In doing so, it helps individuals discover the possibilities of bringing about a change in their environment by engaging their own environmental sensibilities. Endlessly Green is an extraordinary celebration of things small and significant and the fight against waste, culminating in a replicable and scalable end-to-end solution. | ||
| 650 |
_aWaste Management _912894 |
||
| 650 |
_aDioxins _912895 |
||
| 650 |
_aEarthworms _912896 |
||
| 650 |
_aComposting _912897 |
||
| 650 |
_aPathogens _912898 |
||
| 650 |
_aCarbon and Nitrogen _912899 |
||
| 700 |
_aHIREMATH (Savita) _912900 |
||
| 942 |
_2ddc _cBK |
||
| 999 |
_c221150 _d221150 |
||